| 000 | 00660cam a2200241 a 4500 | ||
|---|---|---|---|
| 001 | 000018725 | ||
| 005 | 20200929165840.0 | ||
| 008 | 970228s1955 sp 001 0 spa d | ||
| 010 | _a57026572 | ||
| 035 | _a(DLC) 57026572 | ||
| 035 | _a(OCoLC)36465451 | ||
| 040 |
_aDO-SdBNP _bBNPHU _cWU _dDLC |
||
| 042 | _apremarc | ||
| 082 |
_aCh861.44 _bC832s |
||
| 100 | 1 |
_aCorvalan, Stella _940418 |
|
| 245 | 1 | 0 |
_aSinfonía de la angustia / _cStella Corvalan. |
| 260 |
_aMadrid, _c1955. |
||
| 300 |
_a467 p. : _bil. ; _c24 cm. |
||
| 650 | 4 |
_aPoesía chilena _99166 |
|
| 650 | 4 |
_aLiteratura chilena _93164 |
|
| 910 | _aCatalogación derivada / LC | ||
| 049 | _aBNGR | ||
| 999 |
_c18245 _d18245 |
||